书目信息 |
| 题名: |
伟大导师——马克思生平故事
|
|
| 作者: | 李朋 , 高德宝 著 | |
| 分册: | ||
| 出版信息: | 北京 红旗出版社 2017 |
|
| 页数: | 296页 | |
| 开本: | 24cm | |
| 丛书名: | ||
| 单 册: | ||
| 中图分类: | A711 | |
| 科图分类: | ||
| 主题词: | 思想家--传记--德国--近代 | |
| 电子资源: | ||
| ISBN: | 978-7-5051-4149-0 | |
| 000 | 01220nam0 2200265 450 | |
| 001 | 012001003617 | |
| 005 | 20140926114741.0 | |
| 010 | @a978-7-5051-4149-0@dCNY39.80 | |
| 100 | @a20171018d2017 em y0chiy50 ea | |
| 101 | 0 | @achi |
| 102 | @aCN@b110000 | |
| 105 | @ay z 000yy | |
| 106 | @ar | |
| 200 | 1 | @a伟大导师——马克思生平故事@9wei da dao shi——ma ke si sheng ping gu shi@f李朋,高德宝著 |
| 210 | @a北京@c红旗出版社@d2017 | |
| 215 | @a296页@d24cm | |
| 314 | @a李朋,中国世界现代史学会理事,中国第二次世界大战史研究会理事,东北师范大学世界是专业博士,黑龙江大学历史文化旅游学院教授,博士生导师。著有《被禁止的战争》《将帅雄风》等。 | |
| 314 | @a高德宝,黑龙江八一农垦大学副教授,黑龙江省高校马克思主义专业社会科学学术委员会委员,黑龙江省优秀教师。 | |
| 330 | @a本书以生动细致的笔触和严谨的叙事风格讲述了马克思一生的思想活动和生活,同时透过对这位伟大人物生平的描述展现出一个时代激荡的社会变革与政治风云,融思想性与可读性于一体,书中百多幅图片为读者深入了解马克思和他的时代提供了不可多得的珍贵资料。 | |
| 606 | 0 | @a思想家@x传记@y德国@z近代 |
| 690 | @aA711@v5 | |
| 701 | 0 | @a李朋@9li peng@4著 |
| 701 | 0 | @a高德宝@9gao de bao@4著 |
| 801 | 0 | @aCN@b上海新华@c20180901 |
| 905 | @b1163223-7@dA711@e260@f5 | |
| 伟大导师——马克思生平故事/李朋,高德宝著.-北京:红旗出版社,2017 |
| 296页;24cm |
| ISBN 978-7-5051-4149-0:CNY39.80 |
| 本书以生动细致的笔触和严谨的叙事风格讲述了马克思一生的思想活动和生活,同时透过对这位伟大人物生平的描述展现出一个时代激荡的社会变革与政治风云,融思想性与可读性于一体,书中百多幅图片为读者深入了解马克思和他的时代提供了不可多得的珍贵资料。 |
| ● |
| 相关链接 |
|
|
|
|
正题名:伟大导师——马克思生平故事
索取号:A711/260
 
预约/预借
| 序号 | 登录号 | 条形码 | 馆藏地/架位号 | 状态 | 备注 |
| 1 | 1163223 | 211632232 | 第一样本阅览室/ [索取号:A711/260] | 在馆 | |
| 2 | 1163224 | 211632241 | 第一借阅区/ [索取号:A711/260] | 在馆 | |
| 3 | 1163225 | 211632250 | 第一借阅区/ [索取号:A711/260] | 在馆 | |
| 4 | 1163226 | 211632269 | 第一借阅区/ [索取号:A711/260] | 在馆 | |
| 5 | 1163227 | 211632278 | 第一借阅区/ [索取号:A711/260] | 在馆 |